[Event "World Rapid 2022"]
[Site "Almaty KAZ"]
[Date "2022.12.28"]
[Round "11.71"]
[White "Abdilkhair, Abilmansur"]
[Black "Muradli, Mahammad"]
[Result "0-1"]
[WhiteTitle "FM"]
[BlackTitle "GM"]
[WhiteElo "2278"]
[BlackElo "2540"]
[WhiteFideId "13716417"]
[BlackFideId "13409301"]
[EventDate "2022.12.26"]

1. e4 c5 2. Nf3 d6 3. d4 cxd4 4. Nxd4 Nf6 5. Nc3 a6 6. Be3 e5 7. Nb3 Be6 8. f3
h5 9. Qd2 Nbd7 10. Nd5 Bxd5 11. exd5 g6 12. Be2 Qc7 13. O-O Bg7 14. Na5 b6 15.
Nc6 Nxd5 16. Qxd5 Nf6 17. Qc4 b5 18. Qb3 Qxc6 19. a4 b4 20. Qxb4 Nd5 21. Qe4 f5
22. Qd3 Nxe3 23. Qxe3 d5 24. Rfd1 Kf7 25. b4 d4 26. Qb3+ Kf6 27. Kh1 Bh6 28. c4
dxc3 29. b5 axb5 30. Bxb5 Qb6 31. Qxc3 Rhd8 32. Rab1 Be3 33. Bd7 Qc5 34. Qb3 Bd4
35. Qe6+ Kg7 36. Rb7 Kh6 37. h4 Rab8 38. Rxb8 Rxb8 39. Qf6 Rf8 40. Qg5+ Kg7 41.
Rc1 Bc3 42. Bb5 Qd4 43. Qg3 Rf7 44. Be8 Rf6 45. Rb1 Bb4 46. a5 e4 47. Qc7+ Kh6
48. Qf4+ Kg7 49. Rc1 Bd6 50. Qg5 exf3 51. Rb1 fxg2+ 52. Qxg2 Qxh4+ 53. Kg1 Bc5+
54. Kf1 Qf4+ 0-1

[Event "World Rapid 2022"]
[Site "Almaty KAZ"]
[Date "2022.12.28"]
[Round "11.72"]
[White "Khusenkhojaev, Mustafokhuja"]
[Black "Tang, Andrew"]
[Result "0-1"]
[BlackTitle "GM"]
[WhiteElo "2265"]
[BlackElo "2540"]
[WhiteFideId "14700727"]
[BlackFideId "2059630"]
[EventDate "2022.12.26"]

1. d4 d5 2. Nf3 Nf6 3. c4 e6 4. g3 dxc4 5. Bg2 Nc6 6. O-O Rb8 7. e3 Be7 8. Qe2
b5 9. b3 Ba6 10. Rd1 Qc8 11. bxc4 bxc4 12. Nc3 O-O 13. a4 Nd5 14. Nb5 Na5 15. e4
Nb4 16. d5 Nb3 17. Rb1 Bxb5 18. axb5 Nd3 19. Be3 Rxb5 20. Nd2 Nxd2 21. Rxb5 Qa6
22. Qxd2 Qxb5 23. Bxa7 Ra8 24. Be3 e5 25. Bf1 Ra3 26. Qc2 Qb3 27. Qxb3 Rxb3 28.
Rd2 Nb2 29. Rc2 c3 30. Bc1 Bc5 31. Kg2 Kf8 32. f4 Bd4 33. fxe5 Bxe5 34. Bf4 f6
35. Kf3 Ke7 36. Bxe5 fxe5 37. Kg4 Kd6 38. h4 Kc5 39. Kf5 Kd4 40. Ke6 Kxe4 41.
Rc1 Nd3 42. Rc2 Nb4 43. Re2+ Kd4 44. Re1 c2 45. Bg2 Rb1 0-1

[Event "World Rapid 2022"]
[Site "Almaty KAZ"]
[Date "2022.12.28"]
[Round "11.73"]
[White "Narayanan, Srinath"]
[Black "Munkhgal, Gombosuren"]
[Result "1/2-1/2"]
[WhiteTitle "GM"]
[BlackTitle "GM"]
[WhiteElo "2559"]
[BlackElo "2463"]
[WhiteFideId "5018420"]
[BlackFideId "4901266"]
[EventDate "2022.12.26"]

1. Nf3 Nf6 2. c4 e6 3. d4 d5 4. g3 dxc4 5. Bg2 Bd7 6. Ne5 Bc6 7. Nxc6 Nxc6 8. e3
Qd7 9. O-O O-O-O 10. Nc3 Nd5 11. Qe2 h5 12. Qxc4 h4 13. Bd2 hxg3 14. hxg3 f5 15.
Rfc1 g5 16. Nxd5 exd5 17. Qa4 Qh7 18. Rxc6 bxc6 19. Qxc6 Rd6 20. Qe8+ Rd8 21.
Qc6 Rd6 22. Qe8+ Rd8 23. Qe6+ Qd7 24. Qa6+ Kb8 25. Rc1 Rh6 26. Qd3 c6 27. b4 Rc8
28. Rb1 Be7 29. b5 c5 30. dxc5 Bxc5 31. Bc3 Bb6 32. Rd1 f4 33. Be5+ Bc7 34. Qd4
fxg3 35. fxg3 g4 36. Qf4 Re6 37. Rxd5 Bxe5 38. Rxd7 Rc1+ 39. Qf1 Rxf1+ 40. Kxf1
Bxg3 41. Rb7+ Kc8 42. Rxa7 Rxe3 43. Bc6 Rc3 44. Rg7 Be5 45. Rg8+ Kc7 46. a4 g3
47. a5 Ra3 48. Rg5 Bf4 49. Rf5 Be3 50. Rf7+ Kd6 51. Rd7+ Ke6 52. Rd8 Ke7 53.
Re8+ Kd6 54. a6 Bb6 55. Rb8 Bf2 56. Be4 Ke5 57. Bg2 Kf4 58. b6 Rxa6 59. Rf8+ Ke3
60. Re8+ Kf4 61. b7 Ba7 62. Bd5 Ra5 63. Bc6 Ra1+ 64. Ke2 Ra2+ 65. Kd3 g2 66.
Bxg2 Rxg2 67. Ra8 Ke5 68. Rxa7 Rb2 69. Kc3 Rb1 70. Kc2 Rb6 71. Ra5+ Kd4 72. Ra7
Kd5 73. Kc3 Kc6 74. Kc4 Rxb7 75. Rxb7 Kxb7 1/2-1/2

[Event "World Rapid 2022"]
[Site "Almaty KAZ"]
[Date "2022.12.28"]
[Round "11.74"]
[White "Postlmayer, Jakob"]
[Black "Saraci, Nderim"]
[Result "1/2-1/2"]
[WhiteTitle "FM"]
[BlackTitle "IM"]
[WhiteElo "2314"]
[BlackElo "2468"]
[WhiteFideId "1643622"]
[BlackFideId "6351921"]
[EventDate "2022.12.26"]

1. e4 e5 2. Nf3 Nc6 3. Nc3 Nf6 4. d4 exd4 5. Nxd4 Bb4 6. Nxc6 bxc6 7. Bd3 d5 8.
exd5 O-O 9. O-O cxd5 10. Bg5 c6 11. Qf3 Re8 12. Bxf6 Qxf6 13. Qxf6 gxf6 14. Ne2
Rb8 15. b3 Bg4 16. Ng3 Bc3 17. Rab1 c5 18. Nf5 Be2 19. Bxe2 Rxe2 20. Rfc1 d4 21.
Ng3 Re6 22. f3 Ra6 23. a4 Rab6 24. Ne2 c4 25. Rd1 cxb3 26. Rxb3 Rxb3 27. cxb3
Rb4 28. Rd3 Rxb3 29. Nxd4 Bxd4+ 30. Rxd4 Ra3 31. Kf2 Ra2+ 32. Kg3 Kg7 33. Rg4+
Kh6 1/2-1/2

[Event "World Rapid 2022"]
[Site "Almaty KAZ"]
[Date "2022.12.28"]
[Round "11.75"]
[White "Kazakov, Konstantin"]
[Black "Utegaliyev, Azamat"]
[Result "0-1"]
[WhiteTitle "IM"]
[WhiteElo "2385"]
[BlackElo "2445"]
[WhiteFideId "13700898"]
[BlackFideId "13702467"]
[EventDate "2022.12.26"]

1. e4 c5 2. Nc3 a6 3. g3 b5 4. Bg2 Bb7 5. Nge2 e6 6. O-O b4 7. Na4 Nf6 8. d3 d5
9. e5 Nfd7 10. c4 Nxe5 11. Nf4 Bd6 12. cxd5 exd5 13. Nxc5 Bxc5 14. d4 Bxd4 15.
Qxd4 Nbc6 16. Qc5 Qe7 17. Qb6 Nc4 18. Nxd5 Nxb6 19. Nxe7 Kxe7 20. Be3 Nc4 21.
Bc5+ Kf6 22. Rac1 N4a5 23. Bb6 Rhe8 24. Rfd1 Rad8 25. Bxd8+ Rxd8 26. Bxc6 Rxd1+
27. Rxd1 Bxc6 28. b3 Nb7 29. f4 Ke6 30. Kf2 Bd5 31. Ke3 a5 32. Kd4 Kd6 33. Re1
Nd8 34. Re8 Nc6+ 35. Kd3 a4 36. Kc2 axb3+ 37. axb3 Nd4+ 38. Kb2 Nxb3 39. Rd8+
Kc5 40. Rc8+ Kd4 41. Rh8 Nc5 42. Rxh7 Na4+ 43. Kc1 b3 0-1

[Event "World Rapid 2022"]
[Site "Almaty KAZ"]
[Date "2022.12.28"]
[Round "11.76"]
[White "Korelskiy, Egor"]
[Black "Ghasi, Ameet K"]
[Result "0-1"]
[WhiteTitle "FM"]
[BlackTitle "IM"]
[WhiteElo "2153"]
[BlackElo "2471"]
[WhiteFideId "34329064"]
[BlackFideId "409200"]
[EventDate "2022.12.26"]

1. e4 c6 2. Nc3 d5 3. Nf3 dxe4 4. Nxe4 Nf6 5. Qe2 Nxe4 6. Qxe4 Qd5 7. Qe3 Qe6 8.
b3 Qxe3+ 9. fxe3 a5 10. a3 Bf5 11. d3 f6 12. Bb2 e5 13. O-O-O Nd7 14. e4 Bg4 15.
Be2 Bc5 16. Kb1 O-O-O 17. h3 Bxf3 18. Bxf3 Nf8 19. Rhf1 Kb8 20. c3 Bb6 21. Kc2
h5 22. b4 Ne6 23. Bc1 Rd6 24. Be2 Kc7 25. Rf5 h4 26. Rff1 Rhd8 27. Bg4 Nf8 28.
d4 axb4 29. axb4 exd4 30. Bf4 Ng6 31. Bxd6+ Rxd6 32. cxd4 Bxd4 33. Rd2 b6 34.
Rfd1 c5 35. bxc5 bxc5 36. Be2 Ne5 37. Rb1 Nc6 38. Kb3 Re6 39. Bf3 Na5+ 40. Kc2
Nc4 41. Rd3 Ra6 42. Rc1 Kd6 43. Rxd4+ cxd4 44. Kd3 Ne5+ 45. Kxd4 Ra3 46. Be2
Nc6+ 47. Kc4 Ke5 48. Rd1 Kf4 49. Rb1 Kg3 50. Rb6 Ne5+ 51. Kd5 Ra2 52. Bf1 Ra1
53. Be2 Re1 54. Ba6 Kxg2 55. Rb7 Rd1+ 56. Ke6 g5 57. Kxf6 Nf3 58. Be2 Rd6+ 59.
Kf5 Nd4+ 60. Ke5 Rd8 61. Bg4 Nf3+ 62. Kf6 Rf8+ 63. Kg6 Rf4 64. Rb2+ Kg3 65. Rb3
Rxg4 66. hxg4 h3 67. Rb2 Kxg4 68. Kf6 Kf4 69. Re2 0-1

[Event "World Rapid 2022"]
[Site "Almaty KAZ"]
[Date "2022.12.28"]
[Round "11.77"]
[White "Damjanovic, Vuk"]
[Black "Kostenko, Petr"]
[Result "1-0"]
[WhiteTitle "FM"]
[BlackTitle "GM"]
[WhiteElo "2361"]
[BlackElo "2374"]
[WhiteFideId "980021"]
[BlackFideId "13700669"]
[EventDate "2022.12.26"]

1. d4 e6 2. c4 Nf6 3. Nf3 d5 4. Nc3 a6 5. cxd5 exd5 6. Bg5 Be6 7. e3 Nbd7 8. Bd3
h6 9. Bf4 g5 10. Bg3 Nh5 11. Qc2 c6 12. O-O-O Nxg3 13. hxg3 Bg7 14. Kb1 Rc8 15.
e4 g4 16. Nh4 Bxd4 17. Ne2 Bg7 18. Nf4 Ne5 19. Nh5 O-O 20. f4 gxf3 21. gxf3 Qa5
22. Nxg7 Kxg7 23. exd5 cxd5 24. Qh2 Rh8 25. Nf5+ Kf8 26. g4 d4 27. b3 Rc3 28.
Nxd4 Kg7 29. Nxe6+ fxe6 30. Be4 Qc7 31. Qh5 Kf8 32. Rd8+ Qxd8 33. Qxe5 Qd2 34.
Qxh8+ Ke7 35. Qg7+ Kd6 36. f4 Re3 37. Bc2 Kc5 38. Qc7+ Kb4 39. Qc4+ Ka5 40. Rd1
Qb4 41. Qxb4+ Kxb4 42. Kb2 Rf3 43. f5 exf5 44. Rd5 b5 45. gxf5 h5 46. a3+ Ka5
47. Rd6 b4 48. axb4+ Kxb4 49. Rxa6 h4 50. Ra4+ Kc5 51. Rxh4 1-0

[Event "World Rapid 2022"]
[Site "Almaty KAZ"]
[Date "2022.12.28"]
[Round "11.78"]
[White "Uruci, Endrit"]
[Black "Elier, Ali"]
[Result "0-1"]
[WhiteTitle "FM"]
[WhiteElo "2297"]
[BlackElo "2165"]
[WhiteFideId "22100199"]
[BlackFideId "16217543"]
[EventDate "2022.12.26"]

1. e4 e5 2. Nf3 Nc6 3. d4 exd4 4. Bc4 Nf6 5. e5 d5 6. Bb5 Ne4 7. Nxd4 Bc5 8. O-O
O-O 9. Bxc6 bxc6 10. Be3 Bd7 11. f3 Ng5 12. f4 Ne4 13. Nd2 Nxd2 14. Qxd2 f6 15.
Nb3 Bb6 16. Kh1 fxe5 17. fxe5 Qh4 18. Bc5 Rxf1+ 19. Rxf1 Re8 20. Qe3 g6 21. h3
Bf5 22. Rf4 Bxc5 23. Nxc5 Qe7 24. Rxf5 gxf5 25. e6 Qf6 26. c3 f4 27. Qf3 Qf5 28.
Kh2 Kf8 29. b4 Ke7 30. Qf2 Rg8 31. Nb3 Qxe6 32. Qxa7 Qd6 33. Kh1 f3 34. Qe3+ Qe6
35. Qxf3 Rf8 36. Qd1 Qe3 37. Nd4 Kd6 38. Qb1 Qxc3 39. Nf3 d4 40. Qxh7 Rxf3 41.
Qg6+ Kd5 42. Qg8+ Ke5 43. Qe8+ Kf4 44. Qf7+ Kg3 45. Qxc7+ Kf2 46. Kh2 Qe1 0-1

[Event "World Rapid 2022"]
[Site "Almaty KAZ"]
[Date "2022.12.28"]
[Round "11.79"]
[White "Averin, Nikolay"]
[Black "Haldorsen, Benjamin"]
[Result "1-0"]
[WhiteTitle "FM"]
[BlackTitle "IM"]
[WhiteElo "2342"]
[BlackElo "2449"]
[WhiteFideId "24250473"]
[BlackFideId "1512633"]
[EventDate "2022.12.26"]

1. e4 c5 2. Nf3 Nc6 3. d4 cxd4 4. Nxd4 e5 5. Nb5 d6 6. N1c3 a6 7. Na3 Be6 8. Nc4
Rb8 9. a4 Nf6 10. Bg5 Nd4 11. Bxf6 Qxf6 12. Ne3 g6 13. Ncd5 Qd8 14. c3 Nc6 15.
Be2 Bg7 16. O-O O-O 17. Nc4 f5 18. Bf3 b5 19. axb5 axb5 20. Nce3 f4 21. Nc2 Qd7
22. Ra6 Kh8 23. Qd3 g5 24. Rfa1 g4 25. Bd1 h5 26. Ncb4 Nxb4 27. Nxb4 Bc4 28.
Qxd6 Qxd6 29. Rxd6 Rfd8 30. Rxd8+ Rxd8 31. b3 Bg8 32. Be2 Bxb3 33. Bxb5 Rd2 34.
Kf1 Bf8 35. Ke1 Rb2 36. Nd3 Rc2 37. Nxe5 Bg7 38. Ra8+ Kh7 39. Ra7 Rxc3 40. Nd3
f3 41. gxf3 gxf3 42. Kd2 Rc8 43. Ke3 Bd1 44. Bd7 Rd8 45. e5 Kg6 46. e6 Kf6 47.
Nb4 Bf8 48. Nd5+ Ke5 49. e7 Bh6+ 50. Kd3 Rb8 51. Nc7 Be2+ 52. Kc3 Kd6 53. e8=Q
Bg7+ 54. Kc2 1-0

[Event "World Rapid 2022"]
[Site "Almaty KAZ"]
[Date "2022.12.28"]
[Round "11.80"]
[White "Khripachenko, Alexander"]
[Black "Mamedov, Edgar"]
[Result "0-1"]
[WhiteTitle "FM"]
[BlackTitle "FM"]
[WhiteElo "2219"]
[BlackElo "2283"]
[WhiteFideId "54184975"]
[BlackFideId "13739980"]
[EventDate "2022.12.26"]

1. e4 c6 2. d4 d5 3. e5 c5 4. dxc5 Nc6 5. Nf3 e6 6. Be3 Nh6 7. c3 Nf5 8. Bd4 Bd7
9. a3 b6 10. cxb6 Ncxd4 11. cxd4 Qxb6 12. Qd2 h5 13. Nc3 g5 14. h3 Be7 15. Be2
Kf8 16. O-O-O Rb8 17. g4 Nh4 18. Nxh4 gxh4 19. f4 Bxa3 20. bxa3 Qb3 21. Rdf1 Ba4 0-1

[Event "World Rapid 2022"]
[Site "Almaty KAZ"]
[Date "2022.12.28"]
[Round "11.81"]
[White "Mamatov, Melis"]
[Black "Akhilbay, Imangali"]
[Result "1-0"]
[WhiteTitle "FM"]
[WhiteElo "2399"]
[BlackElo "2140"]
[WhiteFideId "13800027"]
[BlackFideId "13734857"]
[EventDate "2022.12.26"]

1. e4 c5 2. Nf3 Nc6 3. Bb5 d6 4. O-O Bd7 5. Re1 Nf6 6. c3 a6 7. Bc4 Bg4 8. h3
Bxf3 9. Qxf3 e6 10. Bf1 Be7 11. Qd1 O-O 12. d4 d5 13. exd5 Qxd5 14. dxc5 Qxd1
15. Rxd1 Bxc5 16. Nd2 Rfd8 17. Re1 Rd7 18. Nf3 Nd5 19. g3 Re8 20. Ne5 Nxe5 21.
Rxe5 Red8 22. Bg2 b5 23. Bf1 Be7 24. a4 b4 25. c4 Bf6 26. Re2 Nb6 27. c5 Nd5 28.
Rc2 b3 29. Rc4 Rc8 30. Ra3 Rb7 31. Ra1 a5 32. Rb1 Rbc7 33. Bd2 Rxc5 34. Rbc1
Rxc4 35. Rxc4 Rxc4 36. Bxc4 Bxb2 37. Bxa5 Bd4 38. Bxb3 Nb6 39. Bb4 Nd5 40. Bd2
Kf8 41. Kf1 Nc7 42. Bc4 Ke8 43. Ke2 Kd7 44. f3 Kc6 45. Bb4 Bc5 46. Bc3 f6 47.
Bd3 Nd5 48. Bd2 f5 49. f4 Bd4 50. Bb5+ Kc5 51. Kf3 Bc3 52. Bc1 Bd4 53. Ba3+ Kb6
54. Bd7 e5 55. fxe5 Bxe5 56. Bxf5 g6 57. Bd7 Nc3 58. Bb4 Na2 59. Bd2 Nc3 60. h4
Kc7 61. Be8 Kd8 62. Bb5 Nxb5 63. axb5 h5 64. Bf4 Bf6 65. Ke4 Kd7 66. Kd5 Bd8 67.
Kc5 Be7+ 68. Kb6 Bd8+ 69. Kb7 1-0

[Event "World Rapid 2022"]
[Site "Almaty KAZ"]
[Date "2022.12.28"]
[Round "11.82"]
[White "Amangeldy, Ernur"]
[Black "Begmuratov, Khumoyun"]
[Result "0-1"]
[BlackTitle "FM"]
[WhiteElo "2097"]
[BlackElo "2399"]
[WhiteFideId "13720244"]
[BlackFideId "14210207"]
[EventDate "2022.12.26"]

1. d4 Nf6 2. c4 g6 3. Nc3 Bg7 4. e4 d6 5. h3 c6 6. Be3 a6 7. a4 O-O 8. g4 Nbd7
9. Nge2 c5 10. Bg2 cxd4 11. Nxd4 Ne5 12. b3 Nc6 13. O-O Bd7 14. Rc1 Rc8 15. Qd2
a5 16. Rfd1 Nxd4 17. Bxd4 Bc6 18. Qe3 Nd7 19. Bxg7 Kxg7 20. Ne2 Qc7 21. h4 Nc5
22. Nf4 h6 23. Rc3 e5 24. Nd3 Ne6 25. c5 dxc5 26. Nxc5 Nf4 27. Bf1 Qe7 28. Qg3
g5 29. hxg5 hxg5 30. Re1 Rh8 31. Nd3 Bxe4 32. Rxe4 Rxc3 33. Rxe5 Qf6 34. Re3 Qh6
35. Bg2 Rxd3 0-1

[Event "World Rapid 2022"]
[Site "Almaty KAZ"]
[Date "2022.12.28"]
[Round "11.83"]
[White "Vetokhin, Savva"]
[Black "Zverev, Lev"]
[Result "1/2-1/2"]
[WhiteTitle "IM"]
[BlackTitle "FM"]
[WhiteElo "2354"]
[BlackElo "2310"]
[WhiteFideId "44144474"]
[BlackFideId "24250775"]
[EventDate "2022.12.26"]

1. d4 d5 2. c4 dxc4 3. e3 Nf6 4. Bxc4 e6 5. Nf3 a6 6. O-O c5 7. Nc3 b5 8. Be2
Bb7 9. dxc5 Bxc5 10. Qxd8+ Kxd8 11. Nd4 Ra7 12. Nb3 Bd6 13. f3 b4 14. Na4 Bc6
15. Nb6 Bb5 16. Nc4 Be7 17. Nd4 Bxc4 18. Bxc4 Rc7 19. Be2 Bc5 20. Nb3 Bb6 21.
Kh1 a5 22. e4 a4 23. Nd2 Be3 24. Nc4 Bxc1 25. Raxc1 Ke7 26. e5 Nfd7 27. f4 Rhc8
28. b3 axb3 29. axb3 Nb6 30. Ra1 Nxc4 31. Bxc4 Nd7 32. Ra6 Nc5 33. Rd6 Ra8 34.
Rb6 Rb7 35. Rxb7+ Nxb7 36. h4 Ra3 37. f5 Na5 38. f6+ gxf6 39. exf6+ Kd6 40. Bb5
Nxb3 41. Be8 Ra7 42. Rb1 Ra1 43. Rxa1 Nxa1 44. Bxf7 Ke5 45. Bg8 Kxf6 46. Bxh7 b3
47. g4 Nc2 48. g5+ Kg7 49. Be4 Na3 50. Kg2 b2 51. Kf3 b1=Q 52. Bxb1 Nxb1 53. Ke4
Nd2+ 54. Ke5 Kf7 55. g6+ 1/2-1/2

[Event "World Rapid 2022"]
[Site "Almaty KAZ"]
[Date "2022.12.28"]
[Round "11.84"]
[White "Tulendinov, Dinmukhammed"]
[Black "Shishkov, Andrei"]
[Result "1/2-1/2"]
[WhiteTitle "CM"]
[BlackTitle "IM"]
[WhiteElo "1948"]
[BlackElo "2340"]
[WhiteFideId "13730860"]
[BlackFideId "4500563"]
[EventDate "2022.12.26"]

1. e4 d5 2. exd5 Nf6 3. d4 Nxd5 4. c4 Nb6 5. Nc3 e5 6. d5 Bb4 7. Qb3 Qe7 8. Be3
c6 9. g3 O-O 10. a3 Bc5 11. Bxc5 Qxc5 12. Qb4 Qd4 13. Rd1 Qg4 14. h3 Qg6 15. Nf3
Na6 16. Qe7 f6 17. Bd3 Qe8 18. Qxe8 Rxe8 19. Nd2 cxd5 20. Nxd5 Nc5 21. Bc2 Nxd5
22. cxd5 a5 23. b4 axb4 24. axb4 Na6 25. Rb1 Rd8 26. Nc4 Nc7 27. d6 Nb5 28. Nb6
Ra6 29. Bb3+ Kf8 30. Nxc8 Rxc8 31. d7 Rd8 32. O-O Rxd7 33. Rfc1 Rc7 34. Rc5 Rxc5
35. bxc5 Nc3 36. Rb2 Ra5 37. Be6 Rb5 38. Rxb5 Nxb5 39. Bd5 Ke7 40. Bxb7 Nc7 41.
Kg2 Ne6 42. c6 Kd6 43. Kf3 Nd4+ 44. Ke4 Nxc6 45. f4 Ne7 46. fxe5+ fxe5 47. h4
Ke6 48. g4 h6 49. g5 h5 50. Ba6 Ng6 51. Bc4+ Kd6 52. Bf7 Nxh4 53. Bxh5 Ng2 54.
Bf7 Nf4 55. g6 Nh5 56. Kf5 Nf6 57. Kg5 e4 58. Kf4 Kc5 59. Ke3 Kc6 60. Kd4 Kd6
61. Bc4 Ke7 62. Ba6 Ke6 63. Bc8+ Kd6 64. Bf5 e3 65. Kxe3 Ke5 66. Bc2 Nd5+ 67.
Kf3 Kf6 68. Kg3 Ne3 69. Bd3 Kg5 70. Kf3 Nd5 71. Kg3 Nf4 72. Bb1 Ne2+ 73. Kf3
Nd4+ 74. Kg3 Ne6 75. Bc2 Nf4 76. Bb1 Nxg6 77. Bxg6 Kxg6 78. Kg4 Kf6 79. Kf4 Kg6
80. Kg4 Kh7 81. Kh5 g6+ 82. Kg5 Kg7 83. Kg4 Kf6 84. Kf4 g5+ 85. Kg4 Kg6 86. Kg3
Kf5 87. Kf3 g4+ 88. Kg3 Kg5 89. Kg2 Kh4 90. Kh2 g3+ 91. Kg2 Kg4 92. Kg1 Kf4 93.
Kg2 Kg4 94. Kg1 Kh3 95. Kh1 Kh4 96. Kg2 Kg4 97. Kg1 Kf3 98. Kf1 g2+ 99. Kg1 Kg3 1/2-1/2

[Event "World Rapid 2022"]
[Site "Almaty KAZ"]
[Date "2022.12.28"]
[Round "11.85"]
[White "Suleimen, Ergali"]
[Black "Everett, Elijah"]
[Result "0-1"]
[WhiteElo "2073"]
[BlackElo "2202"]
[WhiteFideId "13724452"]
[BlackFideId "12973696"]
[EventDate "2022.12.26"]

1. e4 c5 2. Nf3 d6 3. d4 cxd4 4. Nxd4 Nf6 5. Nc3 a6 6. Bg5 e6 7. f4 Qb6 8. Nb3
Nbd7 9. Qf3 Be7 10. O-O-O Qc7 11. Nd4 b5 12. Bxf6 Nxf6 13. a3 Rb8 14. g4 h6 15.
g5 hxg5 16. fxg5 Nd7 17. g6 Ne5 18. gxf7+ Kf8 19. Qg3 Bh4 20. Qg2 b4 21. axb4
Rxb4 22. Rg1 Bf6 23. Qg3 Qb6 24. Nb3 Rh6 25. Be2 a5 26. Rdf1 Rg6 27. Qh3 Rxg1
28. Qh8+ Kxf7 29. Bh5+ Ng6 30. Bxg6+ Kxg6 31. Qe8+ Kh6 32. Qh8+ Kg5 33. h4+ Kg4
34. Rxg1+ Qxg1+ 35. Nd1 Ba6 36. Qh7 Kh3 37. Qh5 Rxb3 38. cxb3 Qc5+ 0-1

[Event "World Rapid 2022"]
[Site "Almaty KAZ"]
[Date "2022.12.28"]
[Round "11.86"]
[White "Degenbaev, Aziz"]
[Black "Nissinen, Niilo Man"]
[Result "1-0"]
[BlackTitle "CM"]
[WhiteElo "2139"]
[BlackElo "1996"]
[WhiteFideId "13802640"]
[BlackFideId "30950767"]
[EventDate "2022.12.26"]

1. e4 c5 2. Nf3 Nc6 3. Bb5 Nf6 4. e5 Nd5 5. O-O g6 6. c3 Bg7 7. d4 cxd4 8. cxd4
Nc7 9. Bc4 O-O 10. Bf4 d5 11. Be2 f6 12. Nc3 fxe5 13. Bxe5 Nxe5 14. Nxe5 e6 15.
Rc1 Ne8 16. Bg4 Nd6 17. Qe2 Nf5 18. Nf3 Bd7 19. b3 Qb6 20. Bxf5 Rxf5 21. Qe3
Raf8 22. Ne2 Bb5 23. Rfe1 Bxe2 24. Rxe2 Re8 25. h3 Qa6 26. Rc7 Qb6 27. Rec2 Rf7
28. Rc8 Rff8 29. R8c5 Bf6 30. a4 Re7 31. h4 Qd6 32. h5 e5 33. hxg6 exd4 34.
gxh7+ Rxh7 35. Qd3 Be5 36. Rc8 Rxc8 37. Rxc8+ Kg7 38. Qf5 Rh6 39. Qxe5+ Qxe5 40.
Nxe5 Rb6 41. Nf3 Rxb3 42. Nxd4 Rb4 43. Nb5 Rxa4 44. Rc7+ Kf6 45. Rxb7 Rb4 46.
Nd6 Ra4 47. Kh2 d4 48. Ne4+ Ke5 49. Nc5 Ra3 50. Rd7 a5 51. f3 Ra2 52. Nb3 a4 53.
Nxd4 a3 54. Nb5 Ra1 55. Ra7 1-0

[Event "World Rapid 2022"]
[Site "Almaty KAZ"]
[Date "2022.12.28"]
[Round "12.2"]
[White "Fedoseev, Vladimir3"]
[Black "Artemiev, Vladislav"]
[Result "1/2-1/2"]
[WhiteTitle "GM"]
[BlackTitle "GM"]
[WhiteElo "2688"]
[BlackElo "2701"]
[WhiteFideId "24130737"]
[BlackFideId "24101605"]
[EventDate "2022.12.26"]

1. d4 d5 2. c4 c6 3. Nf3 Nf6 4. Nc3 e6 5. Bg5 Nbd7 6. e3 h6 7. Bh4 Be7 8. Qc2
O-O 9. Rd1 b6 10. cxd5 cxd5 11. Bd3 Bb7 12. O-O Rc8 13. Qb1 a6 14. a4 Bd6 15.
Rc1 Qe7 16. Rfe1 Rfe8 17. Re2 Qf8 18. Rec2 Rc7 19. Bg3 Bxg3 20. hxg3 Rec8 21. b4
Qd6 22. a5 bxa5 23. bxa5 Qa3 24. Ra2 Qd6 25. Ne2 Rxc1+ 26. Nxc1 Rb8 27. Rb2 Qc7
28. Qa1 Bc8 29. Rc2 Qd8 30. Qc3 Ne8 31. Ne5 Nxe5 32. dxe5 Bd7 33. Ne2 Bb5 34.
Ra2 Bxd3 35. Qxd3 Qc7 36. Qxa6 Rb1+ 37. Kh2 Qxe5 38. Nf4 g5 39. Qd3 Ra1 40. Rxa1
Qxa1 41. Nh5 Qxa5 42. Qd4 Qc7 43. f4 Qe7 44. Qe5 gxf4 45. gxf4 Qh4+ 46. Kg1 Kh7
47. Qb8 Qxh5 48. Qxe8 Kg7 49. Qe7 Qd1+ 50. Kf2 Qc2+ 51. Kg3 Qc1 52. Qa7 Qc3 53.
Kf3 Qd3 54. Qa1+ Kh7 55. Qf6 Qg6 56. Qe5 h5 57. g3 Qg4+ 58. Kf2 Kg6 59. Qh8 Qf5
60. Qg8+ Kf6 61. Qh8+ Ke7 62. Qc3 Qg6 63. Qe5 Qc2+ 64. Kf3 f6 65. Qd4 Kf7 66.
Qa7+ Kg6 67. Qe7 Qe4+ 68. Kf2 Qc2+ 69. Kf3 Qc6 70. Kf2 Qc8 71. Kf3 Qg8 72. Qc7
Qf7 73. Qc2+ Kg7 74. Qc6 Kh7 75. Qc2+ Kh6 76. Qc8 e5 77. Qf5 Qg6 78. Qe6 Qe4+
79. Kf2 Qc2+ 80. Kf1 Qd3+ 81. Kf2 Qd2+ 82. Kf1 Kg6 83. fxe5 Qc1+ 84. Kf2 Qc2+
85. Kg1 Qb1+ 86. Kf2 Qb2+ 87. Kf3 Qxe5 88. Qg8+ Kh6 89. Qh8+ Kg6 90. Qg8+ 1/2-1/2

[Event "World Rapid 2022"]
[Site "Almaty KAZ"]
[Date "2022.12.28"]
[Round "12.5"]
[White "Maghsoodloo, Parham"]
[Black "Duda, Jan-Krzysztof"]
[Result "1-0"]
[WhiteTitle "GM"]
[BlackTitle "GM"]
[WhiteElo "2719"]
[BlackElo "2729"]
[WhiteFideId "12539929"]
[BlackFideId "1170546"]
[EventDate "2022.12.26"]

1. d4 Nf6 2. c4 e6 3. Nc3 Bb4 4. Nf3 c5 5. d5 d6 6. g3 exd5 7. cxd5 O-O 8. Bg2
Re8 9. O-O Bg4 10. h3 Bxf3 11. Bxf3 Nbd7 12. Bf4 Ne5 13. Bg2 a6 14. Qc2 Ba5 15.
g4 h6 16. Bg3 b5 17. Nd1 Nc4 18. Bf4 Rc8 19. a4 Bb4 20. axb5 axb5 21. e4 Nd7 22.
Bc1 Qf6 23. Ra7 Ncb6 24. Ne3 c4 25. Nf5 Bc5 26. Ra5 b4 27. Bd2 Ra8 28. Rxc5 dxc5
29. f4 Ra2 30. e5 Nxe5 31. fxe5 Qxe5 32. Bc1 c3 33. Qb3 Rxb2 34. Bxb2 cxb2 35.
d6 Qc3 36. Ne7+ Kh8 37. Qxf7 Qe3+ 38. Kh2 Rd8 39. Ng6+ Kh7 40. Qf5 Kg8 41. Ne7+
Kh8 42. Be4 Qd2+ 43. Kh1 1-0

[Event "World Rapid 2022"]
[Site "Almaty KAZ"]
[Date "2022.12.28"]
[Round "12.6"]
[White "Giri, Anish"]
[Black "Sarana, Alexey"]
[Result "1/2-1/2"]
[WhiteTitle "GM"]
[BlackTitle "GM"]
[WhiteElo "2764"]
[BlackElo "2668"]
[WhiteFideId "24116068"]
[BlackFideId "24133795"]
[EventDate "2022.12.26"]

1. c4 e6 2. g3 d5 3. Bg2 Nf6 4. Nf3 dxc4 5. Qa4+ Nbd7 6. Qxc4 a6 7. Qc2 c5 8.
Nc3 Qc7 9. d4 b5 10. Bf4 Bd6 11. Bxd6 Qxd6 12. Ne4 Nxe4 13. Qxe4 Rb8 14. dxc5
Nxc5 15. Qe5 Qxe5 16. Nxe5 Bb7 17. Bxb7 Nxb7 18. Rc1 f6 19. Nd3 Kd7 20. Kd2 Rhc8
21. Ke3 a5 22. b3 Nd6 23. g4 b4 24. Rhd1 e5 25. Nc5+ 1/2-1/2

[Event "World Rapid 2022"]
[Site "Almaty KAZ"]
[Date "2022.12.28"]
[Round "12.7"]
[White "Nihal, Sarin"]
[Black "Abdusattorov, Nodirbek"]
[Result "1/2-1/2"]
[WhiteTitle "GM"]
[BlackTitle "GM"]
[WhiteElo "2670"]
[BlackElo "2713"]
[WhiteFideId "25092340"]
[BlackFideId "14204118"]
[EventDate "2022.12.26"]

1. d4 Nf6 2. Nf3 d5 3. c4 e6 4. e3 c5 5. cxd5 exd5 6. Bb5+ Bd7 7. Bxd7+ Qxd7 8.
dxc5 Bxc5 9. O-O O-O 10. b3 Nc6 11. Bb2 Ne4 12. Nc3 Nxc3 13. Bxc3 Rad8 14. Qd2
Qe7 15. Rfd1 Rd7 16. Rac1 Rfd8 17. Nd4 Bxd4 18. Bxd4 f6 19. h3 Qe6 20. Qe2 Rc8
21. Rc2 a6 22. Rcd2 h6 23. Qh5 Ne7 24. Bb2 Rcd8 25. Ba3 Nc6 26. Bc5 Ne5 27. Bd4
Rd6 28. Bb2 Nc6 29. Qg4 Kf7 30. Qxe6+ Kxe6 31. Kf1 h5 32. Ke2 R6d7 33. f4 Ne7
34. g4 hxg4 35. hxg4 Rh8 36. f5+ Kf7 37. e4 Rh4 38. Kf3 dxe4+ 39. Kg3 Rxd2 40.
Rxd2 e3 41. Re2 Rh1 42. Rxe3 Rd1 43. Kf3 Nd5 44. Re4 Rd2 45. Re2 Rd1 46. Re4 Rd2
47. Re2 Rd1 48. Ke4 1/2-1/2